Los grupos de poder económico costarricenses ¿quiénes y cómo son?: el caso del sector financiero /
Este documento constituye el informe final del proyecto de investigación "Los grupos de poder económico costarricenses ¿quiénes y cómo son?: el caso del sector financiero". Es un informe narrativo a partir de los objetivos específicos cuyos anexos son los insumos sustantivos de la investig...
Kaydedildi:
| Yazar: | |
|---|---|
| Materyal Türü: | Metin |
| Seri Bilgileri: | Serie Informes Finales de Investigación IIS
|
| Konular: | |
| Etiketler: |
Etiketle
Etiket eklenmemiş, İlk siz ekleyin!
|
MARC
| LEADER | 00000 a a2200000 04500 | ||
|---|---|---|---|
| 001 | 43582 | ||
| 003 | |||
| 040 | |||
| 100 | |a León Araya, Andrés | ||
| 245 | |a Los grupos de poder económico costarricenses ¿quiénes y cómo son?: |b el caso del sector financiero / |c Andrés León Araya | ||
| 440 | |a Serie Informes Finales de Investigación IIS | ||
| 500 | |a Número 725-A8-138 | ||
| 520 | |a Este documento constituye el informe final del proyecto de investigación "Los grupos de poder económico costarricenses ¿quiénes y cómo son?: el caso del sector financiero". Es un informe narrativo a partir de los objetivos específicos cuyos anexos son los insumos sustantivos de la investigación. El objetivo general del proyecto es "Ubicar y caracterizar a los principales grupos de poder económico costarricense vinculados al sector financiero". | ||
| 590 | |a RRA/SETIEMBRE2012 | ||
| 650 | |a GRUPOS DE INTERESES | ||
| 650 | |a ECONOMIA | ||
| 650 | |a PODER POLITICO | ||
| 650 | |a CAMBIO ECONOMICO | ||
| 650 | |a NEOLIBERALISMO | ||
| 650 | |a POLITICA ECONOMICA | ||
| 650 | |a COSTA RICA | ||
| 773 | |g (2010), 181 páginas | ||
| 999 | |c 40213 |d 40213 | ||
